| 000 | 00688nam a22002293a 4500 | ||
|---|---|---|---|
| 005 | 20250523063816.0 | ||
| 008 | 010920s1999 mx fr 000 0 spa d | ||
| 020 | _a8478841954 | ||
| 035 | _aUPN01000111773 | ||
| 049 | _aCG | ||
| 050 | 4 |
_aLC191 _bJ3.7 |
|
| 100 | 1 |
_aJares, Xesús R., _dm. 2008 _928777 |
|
| 245 | 1 | 0 |
_aEducación y derechos humanos : _bestrategias didácticas y organizativas / _cXesús R. Jares. |
| 260 |
_aMadrid : _bPopular, _c[1999] |
||
| 300 | _a280 p. | ||
| 440 | 0 |
_aUrgencias _v2) |
|
| 650 | 4 |
_aEducación _xAspectos sociales _95311 |
|
| 650 | 4 |
_aDerechos humanos _xEstudio y enseñanza _913360 |
|
| 901 | _a171491-171496 | ||
| 902 | _aMITM/PGV | ||
| 905 | _aLibro | ||
| 999 |
_c85681 _d85681 |
||